000
00310nam a2200133Ia 4500
005
20251222155149.0
008
251222s9999||||xx |||||||||||||| ||spa||
082
_a
ETI.204
100
_a
VICTOR VICH.
245
0
_a
Pensamientos para pensar,
250
_a
1ra. ed.
264
_b
Printing press
942
_c
LIB
999
_c
39508
_d
39508